[Event "Lidkoping op"]
[Site "Lidkoping"]
[Date "2019.08.24"]
[Round "3"]
[White "Forsberg, Gunnar"]
[Black "Beslagic, Smail"]
[Result "0-1"]
[WhiteElo "1753"]
[BlackElo "1853"]
[PlyCount "112"]
[EventDate "2019.08.24"]
[EventType "swiss"]
[EventRounds "7"]
[EventCountry "SWE"]
[SourceTitle "EXT 2020"]
[Source "ChessBase"]
[SourceDate "2019.10.17"]
[SourceVersion "1"]
[SourceVersionDate "2019.10.17"]
[SourceQuality "1"]

1. d4 Nf6 2. Nf3 d5 3. g3 g6 4. Bg2 Bg7 5. 0-0 0-0 6. c3 c6 7. Bf4 Nbd7 8. Qc1 Qb6 9. b3 Re8 10. Nbd2 c5 11. dxc5 Qxc5 12. Ne5 Nh5 13. b4 Nxf4 14. gxf4 Qd6 15. Nxd7 Bxd7 16. Nf3 Rac8 17. Ne5 Bxe5 18. fxe5 Qxe5 19. Qd2 e6 20. Rac1 Rc4 21. f4 Qc7 22. Rf3 Rc8 23. f5 exf5 24. Qh6 Qe5 25. Re3 Qg7 26. Qxg7+ Kxg7 27. Bxd5 Rg4+ 28. Kf2 Bc6 29. Bxc6 Rxc6 30. Rd1 Rgc4 31. Rdd3 b5 32. Rd7 Rc7 33. Rdd3 h5 34. Kf3 a6 35. h3 R4c6 36. a3 Kf6 37. Kg3 g5 38. Rf3 Re7 39. Kf2 h4 40. Ke1 Rce6 41. e3 Kg6 42. Kd2 g4 43. hxg4 fxg4 44. Rf4 f5 45. Rd5 Re5 46. Rd6+ R7e6 47. Rd8 h3 48. Rg8+ Kh6 49. Rh8+ Kg5 50. Rg8+ Rg6 51. Rf8 h2 52. Rf1 g3 53. e4 f4 54. R8xf4 g2 55. Rf5+ Rxf5 56. Rxf5+ Kg4 0-1